Statistics for Countries King Haakon VII visited

Click here to take the quiz!

General Stats

  • This quiz has been taken 19 times
  • The average score is 8 of 10

Answer Stats

ContinentCountry% Correct
EuropeDenmark
100%
EuropeSweden
100%
EuropeFinland
93%
EuropeUnited Kingdom
93%
EuropeBelgium
86%
EuropeFrance
86%
EuropeGermany
86%
Europethe Netherlands
86%
EuropeIceland
64%
AfricaEthiopia
36%

Score Distribution

Percentile by Number Answered

Percent of People with Each Score

Your Score History

You have not taken this quiz